000 00480nam a2200193Ia 4500
005 20250423101522.0
008 250422s9999 xx 000 0 und d
020 _a0333778227
050 _aHB 139 .K68/
100 _aKoutsoyiannis, A.
245 0 _aTheory of econometrics: an introductory axposition of econometric methods
250 _a2nd ed.
260 _aKundli
260 _bPalgrave
260 _c2003
300 _a681 p
650 _aEconometrics
942 _cBK
999 _c36526
_d36526